| 000 | 00741cam a22002414a 4500 | ||
|---|---|---|---|
| 999 |
_c1721 _d1721 |
||
| 001 | 9358 | ||
| 003 | BD-DhUAP | ||
| 005 | 20200212161624.0 | ||
| 008 | 200212s2005 pk l 001 0 eng | ||
| 040 |
_aBD-DhUAP _cBD-DhUAP _bEng _dBD-DhUAP |
||
| 082 |
_223 _a347.052 MAH |
||
| 100 | _aMahmood, Shaukat. | ||
| 245 | 1 | 0 |
_aThe Limitation Act : _bact IX of 1908 / _cShaukat Mahmood and Nadeem Shaukat. |
| 250 | _a4th rev. & enl. ed. | ||
| 260 |
_aLahore : _bLegal research centre, _cc2005. |
||
| 300 |
_aiv, 1094 pages ; _c22 cm. |
||
| 500 | _aIncludes index. | ||
| 520 | _aWith latest amendments and up-to-date case laws. | ||
| 650 | 0 | _aLimitation of actions. | |
| 650 | 0 | _aLimitation act. | |
| 700 | _aShaukat, Nadeem. | ||
| 942 |
_2ddc _cBK |
||